000 00261nam a2200109Ia 4500
008 190216s9999||||xx |||||||||||||| ||und||
100 _aAchutha Menon C
245 0 _aBallads Of North Malabar
260 _bUniversity Of Madras
650 _aHistory
942 _cBK
999 _c18639
_d18639